German Political Parties - Statistics

General Stats
  • This quiz has been taken 269 times
  • The average score is 9 of 16
Answer Stats
Ideology Position Seats Answer % Correct
PopulismNational conservatism German nationalism Euroscepticism Far right 167 Alternative for Germany
99%
Christian democracyConservatism Centre right 187 Christian Democratic Union
99%
Social democracyPro-Europeanism Centre left 134 Social Democratic
98%
Democratic socialismLeft-wing populism Left wing 67 The Left
91%
________ politicsSocial liberalism Centre left 97 Alliance 90 The Greens
89%
Christian democracyConservatism Bavarian regionalism Centre right 50 Christian Social Union
87%
Classical liberalismConservative liberalism Centre right 5 Free Democratic
83%
SocialismSocial conservatism Left-wing populism Left wing 6 Bündnis Sahra Wagenknecht
62%
Regionalism Danish minority interests Frisian minority interests Centre left 1 South Schleswig Voters' Association
50%
Social liberalismPro-Europeanism European federalism Centre left 3 Volt
48%
Political satireAnti-fascism Environmentalism Pro-Europeanism Centre left 2 Die PARTEI
43%
Liberal conservatismRegionalism Soft Euroscepticism[ Centre right 3 Free Voters
24%
ConservatismSocial conservatism Christian democracy Centre right to right wing 1 Family
14%
Green Conservatism Centre right 1 Ecological Democratic
9%
Grassroots democracyLiberalism Pro-Europeanism Centre left 1 Party of Progress
7%
Animal Rights Environmentalism 1 Human Environment Animal Protection
6%
No matching quizzes found
Score Distribution
Percent of People with Each Score
Percentile by Number Answered
Your Score History
You have not taken this quiz